Dret civil catal ̉

Bibliographic Details
Other Authors: Lucas Esteve, Adolfo (Conductor), Alavedra Farrando, Enric, Amills Eras, Oscar
Format: Book
Language:Catalan
Published: Barcelona : J.M. Bosch, cop 2010-<2012>
Series:Bosch civil
Subjects:
Online Access:Acceso restringido

MARC

LEADER 00000cam a2200000 a 4500
005 20120725152415.0
007 cr|||| ||||
008 101005s20102012spc|||||| |000 0|cat|c
017 |a DL B. 6675-2012 (vol. 2)  |a DL B. 37751-2010 (vol. 3)  |b Biblioteca de Catalunya 
020 |a 9788476989951 (vol. 2) 
035 |a 6396 
040 |d vLex 
043 |a e-sp---  |b e-spc--  |2 catmarc 
080 |a 347(467.1) 
090 |c 3326  |d 3326 
245 0 0 |a Dret civil catal ̉  |h [Recurso electrn̤ico] /  |c Adolfo Lucas Esteve (dir.) ; Oscar Amills Eras ... [et al.] 
256 |a Servicio en ln̕ea 
260 |a Barcelona :  |b J.M. Bosch,  |c cop 2010-<2012> 
300 |a 1 recurso electrn̤ico 
490 1 |a Bosch civil 
504 |a Referencias bibliogrf̀icas 
505 8 |a Contiene: 2. Persona i faml̕ia / Adolfo Lucas Esteve (dir.) ; Enric Alavedra Farrando ... [et al.]. 3. Dret de successions / Adolfo Lucas Esteve (dir.) ; Oscar Amills Eras ... [et al.] 
506 1 |a Contenido solo disponible en los productos indicados  |d vLex Global   |d vLex Global (Academic Edition, excluding Law Schools)   |d vLex Global (U.S. Academic Edition, Law Schools)   |d vLex Global (U.S. Academic Edition, excluding Law Schools)   |d vLex Global (Academic Edition, Law Schools)  
650 0 4 |a Derecho civil  |z Cataluą 
650 0 4 |a Derecho de sucesin̤  |z Cataluą 
651 4 |a Cataluą 
700 1 |a Lucas Esteve, Adolfo,  |e dir. 
700 1 |a Alavedra Farrando, Enric 
700 1 |a Amills Eras, Oscar 
740 0 |a vLex Libros (Servicio en ln̕ea) 
830 0 |a Bosch civil 
856 4 0 |u http://vlex.com/source/dret-civil-catala-volum-ii-persona-familia-6396  |z Acceso restringido 
942 |c BOOK 
999 0 |a Inheritance and succession 
999 0 |a Civil law